[Event "CP-2019-S-00002"]
[Site "LSS email"]
[Date "2019.02.09"]
[Round "?"]
[White "Maikowski, Rainer"]
[Black "Schroeder, Christoph"]
[Result "1/2-1/2"]
[WhiteElo "2094"]
[BlackElo "2326"]
[PlyCount "68"]
[EventDate "2019.02.15"]
[EventType "tourn (corr)"]
[EventRounds "7"]
[EventCountry "GER"]
[SourceTitle "Corr 2022"]
[Source "ChessBase"]
[SourceDate "2021.10.24"]
[SourceVersion "1"]
[SourceVersionDate "2021.10.24"]
[SourceQuality "1"]

1. d4 Nf6 2. c4 e6 3. Nf3 d5 4. Nc3 Be7 5. Bf4 0-0 6. e3 b6 7. cxd5 Nxd5 8. Nxd5 Qxd5 9. Be2 Ba6 10. 0-0 c5 11. a3 Bxe2 12. Qxe2 Nd7 13. Rfd1 Qb7 14. dxc5 Nxc5 15. Bd6 Bxd6 16. Rxd6 Rfd8 17. Rxd8+ Rxd8 18. Rd1 Rxd1+ 19. Qxd1 Qd7 20. Qc1 g6 21. h3 Qd3 22. Qd2 Kf8 23. Qb4 f6 24. Qf4 Kg7 25. Qb8 Qd1+ 26. Kh2 Qd7 27. g4 Qb7 28. Qxb7+ Nxb7 29. Nd2 Kf7 30. f4 Nc5 31. Kg3 f5 32. b4 Ne4+ 33. Nxe4 fxe4 34. Kf2 Ke7 1/2-1/2

[Event "CP-2017-Q-00002"]
[Site "LSS email"]
[Date "2017.11.19"]
[Round "?"]
[White "Mashchenko, Vladimir"]
[Black "Maikowski, Rainer"]
[Result "1/2-1/2"]
[WhiteElo "2354"]
[BlackElo "2074"]
[PlyCount "86"]
[EventDate "2017.11.25"]
[EventType "tourn (corr)"]
[EventRounds "6"]
[EventCountry "GER"]
[SourceTitle "Corr 2022"]
[Source "ChessBase"]
[SourceDate "2021.10.24"]
[SourceVersion "1"]
[SourceVersionDate "2021.10.24"]
[SourceQuality "1"]

1. e4 e5 2. Nf3 Nc6 3. Bc4 Bc5 4. c3 Nf6 5. d3 d6 6. 0-0 a6 7. a4 Ba7 8. Na3 0-0 9. Bg5 h6 10. Bh4 Qe7 11. Re1 g5 12. Bg3 g4 13. Nh4 Nh5 14. Nc2 Qg5 15. Ne3 Bxe3 16. Rxe3 Nf4 17. d4 Ne7 18. Re1 Nfg6 19. Nxg6 Nxg6 20. f3 h5 21. fxg4 h4 22. Bf2 Bxg4 23. Be3 Qxe3+ 24. Rxe3 Bxd1 25. Rxd1 Kg7 26. a5 Rae8 27. Rf1 Nf4 28. Ref3 f6 29. Re1 Rh8 30. dxe5 fxe5 31. g3 hxg3 32. hxg3 Nh3+ 33. Kg2 Ng5 34. Rf5 Kg6 35. Ref1 Re7 36. Bd5 c6 37. Rf6+ Kg7 38. Bc4 Rd8 39. R6f5 Kg6 40. Bd3 Rh7 41. Rf6+ Kg7 42. R6f5 Kg6 43. b4 Rdh8 1/2-1/2

[Event "CP-2015-Q-00013"]
[Site "LSS email"]
[Date "2015.12.02"]
[Round "?"]
[White "Astroukh, Vitalij"]
[Black "Maikowski, Rainer"]
[Result "1-0"]
[WhiteElo "2342"]
[BlackElo "2018"]
[PlyCount "67"]
[EventDate "2015.12.08"]
[EventType "tourn (corr)"]
[EventRounds "6"]
[EventCountry "GER"]
[SourceTitle "Corr 2022"]
[Source "ChessBase"]
[SourceDate "2021.10.24"]
[SourceVersion "1"]
[SourceVersionDate "2021.10.24"]
[SourceQuality "1"]

1. e4 c5 2. Nf3 d6 3. d4 cxd4 4. Nxd4 Nf6 5. Nc3 a6 6. Bg5 Nbd7 7. Qe2 e6 8. f4 Qc7 9. 0-0-0 b5 10. a3 Be7 11. g4 h6 12. Bh4 Rb8 13. Bg2 Bb7 14. Rhe1 Nb6 15. Kb1 0-0 16. g5 Nh7 17. Rd3 hxg5 18. Bxg5 Nxg5 19. fxg5 Bxg5 20. Qh5 Qe7 21. Nd5 Nxd5 22. exd5 g6 23. Qg4 e5 24. Nc6 Bxc6 25. dxc6 Kg7 26. Bd5 f5 27. Qg2 Bf4 28. Rf3 Qh4 29. Rg1 Qf6 30. Qf2 Qe7 31. h4 Kh7 32. Rg2 b4 33. axb4 Rxb4 34. Qe1 1-0

[Event "CP-2015-Q-00013"]
[Site "LSS email"]
[Date "2015.12.02"]
[Round "?"]
[White "Maikowski, Rainer"]
[Black "Oliveira, Marcio B"]
[Result "1-0"]
[WhiteElo "2018"]
[BlackElo "2309"]
[PlyCount "153"]
[EventDate "2015.12.08"]
[EventType "tourn (corr)"]
[EventRounds "6"]
[EventCountry "GER"]
[SourceTitle "Corr 2022"]
[Source "ChessBase"]
[SourceDate "2021.10.24"]
[SourceVersion "1"]
[SourceVersionDate "2021.10.24"]
[SourceQuality "1"]

1. Nf3 Nf6 2. c4 c5 3. Nc3 Nc6 4. d4 cxd4 5. Nxd4 e6 6. a3 Be7 7. e4 0-0 8. Nf3 Qc7 9. Be2 b6 10. 0-0 Bb7 11. Qd3 Rac8 12. b4 d6 13. Bb2 Ne5 14. Nxe5 dxe5 15. f3 Rfd8 16. Qe3 a6 17. Qf2 Nd7 18. Rfd1 Nc5 19. Qg3 Nd7 20. Bf1 g6 21. Rac1 Qb8 22. Kh1 Rc6 23. Rb1 Rd6 24. Rxd6 Qxd6 25. Bc1 a5 26. Be3 Ba6 27. Qf2 Qc7 28. h3 axb4 29. axb4 Ra8 30. Qa2 h5 31. Kg1 Bb7 32. Qb3 Bc6 33. Qd1 Kg7 34. Qd2 h4 35. Nd1 f5 36. Qc2 Nf6 37. Nf2 Nd7 38. Bd2 Ba4 39. Qb2 Bc6 40. Bc3 Bb7 41. Nd3 Bf6 42. Re1 Re8 43. Qd2 Rd8 44. Qe3 Kf7 45. Rd1 Ba6 46. exf5 exf5 47. f4 e4 48. Bxf6 Nxf6 49. Ne5+ Kg7 50. Ra1 Bb7 51. Qf2 Nd7 52. Qxh4 Nxe5 53. fxe5 Rf8 54. Qf4 Re8 55. Ra7 Re7 56. Qe3 Kh7 57. Qf2 Kg8 58. e6 Qd6 59. c5 bxc5 60. bxc5 Qd5 61. Kh1 Rg7 62. Qg3 Qxc5 63. Qb8+ Bc8 64. Rd7 Kh7 65. Rd8 Rc7 66. Qb2 Rg7 67. Bc4 e3 68. e7 Qxe7 69. Rxc8 Qd6 70. Qa1 Kh6 71. Rh8+ Rh7 72. Rxh7+ Kxh7 73. Qa7+ Kh6 74. Qxe3+ Kg7 75. h4 Qf6 76. Qf4 Kh7 77. Kh2 1-0

[Event "BI-2015-P-0000"]
[Site "LSS email"]
[Date "2015.04.16"]
[Round "?"]
[White "Gumentchuk, Leksandr"]
[Black "Maikowski, Rainer"]
[Result "0-1"]
[WhiteElo "1554"]
[BlackElo "800"]
[PlyCount "96"]
[EventDate "2015.04.22"]
[EventType "tourn (corr)"]
[EventRounds "10"]
[EventCountry "GER"]
[SourceTitle "Corr 2022"]
[Source "ChessBase"]
[SourceDate "2021.10.24"]
[SourceVersion "1"]
[SourceVersionDate "2021.10.24"]
[SourceQuality "1"]

1. c4 e5 2. Nc3 Nc6 3. g3 g6 4. Bg2 Bg7 5. e3 d6 6. Nge2 Nge7 7. 0-0 Bg4 8. d3 0-0 9. Qc2 Nb4 10. Qd2 d5 11. cxd5 Nbxd5 12. Nxd5 Nxd5 13. Nc3 Nxc3 14. bxc3 c6 15. a4 Qd7 16. Ba3 Rfe8 17. Rab1 b6 18. Qc2 h5 19. Be4 h4 20. c4 Red8 21. c5 f5 22. Bh1 Qxd3 23. Qa2+ Kh7 24. cxb6 e4 25. bxa7 Rxa7 26. Bc5 Rb7 27. gxh4 Rdb8 28. Rxb7 Rxb7 29. Bg2 Be2 30. h5 Bxh5 31. a5 Be2 32. Bb6 Bxf1 33. Bxf1 Qd7 34. Qb3 Rb8 35. a6 f4 36. h3 Qd8 37. Bxd8 Rxb3 38. exf4 Bd4 39. Bg2 Rb1+ 40. Kh2 Re1 41. Bh4 Kg7 42. Kg3 Kf7 43. Bg5 Ke6 44. h4 Re2 45. Bh3+ Kd5 46. f5 gxf5 47. Bxf5 Rxf2 48. Bg4 Ra2 0-1

[Event "BI-2015-P-0000"]
[Site "LSS email"]
[Date "2015.04.16"]
[Round "?"]
[White "Oliveira, Marcio B"]
[Black "Maikowski, Rainer"]
[Result "1/2-1/2"]
[WhiteElo "2335"]
[BlackElo "800"]
[PlyCount "98"]
[EventDate "2015.04.22"]
[EventType "tourn (corr)"]
[EventRounds "10"]
[EventCountry "GER"]
[SourceTitle "Corr 2022"]
[Source "ChessBase"]
[SourceDate "2021.10.24"]
[SourceVersion "1"]
[SourceVersionDate "2021.10.24"]
[SourceQuality "1"]

1. e4 c5 2. Nf3 e6 3. d4 cxd4 4. Nxd4 a6 5. Bd3 Nf6 6. 0-0 Qc7 7. Qe2 d6 8. c4 g6 9. Nc3 Bg7 10. Rd1 0-0 11. Nf3 Nc6 12. h3 Nd7 13. Be3 b6 14. Qd2 Nc5 15. Bc2 Rd8 16. Rac1 Bb7 17. Bg5 Rd7 18. Bh6 Bxh6 19. Qxh6 a5 20. Ba4 Rdd8 21. Bxc6 Bxc6 22. Qh4 e5 23. Nh2 Ra7 24. Ng4 Qe7 25. Qxe7 Rxe7 26. f3 h5 27. Ne3 Ne6 28. Kf2 h4 29. Ned5 Rb7 30. Nb5 Kg7 31. Rc2 Bxb5 32. cxb5 Nd4 33. Rc7 Rxc7 34. Nxc7 d5 35. Nxd5 Nxb5 36. Rc1 Rd6 37. Ke3 Nd4 38. Ne7 b5 39. Rc5 Re6 40. Nc8 b4 41. f4 b3 42. axb3 Nxb3 43. Rxe5 Rc6 44. Re8 Rc2 45. Nd6 Rxg2 46. Re7 Rg3+ 47. Kf2 Rxh3 48. Nxf7 Kf8 49. Rc7 Rh2+ 1/2-1/2

[Event "CP-2014-P-00064"]
[Site "LSS email"]
[Date "2014.09.30"]
[Round "?"]
[White "Lombardi, Donato"]
[Black "Maikowski, Rainer"]
[Result "0-1"]
[WhiteElo "983"]
[BlackElo "800"]
[PlyCount "58"]
[EventDate "2014.10.01"]
[EventType "tourn (corr)"]
[EventRounds "6"]
[EventCountry "GER"]
[SourceTitle "Corr 2022"]
[Source "ChessBase"]
[SourceDate "2021.10.24"]
[SourceVersion "1"]
[SourceVersionDate "2021.10.24"]
[SourceQuality "1"]

1. e4 e5 2. Nf3 Nc6 3. d4 exd4 4. Nxd4 Nf6 5. Nc3 Bb4 6. Nxc6 bxc6 7. Bd3 d5 8. exd5 cxd5 9. 0-0 0-0 10. Bg5 c6 11. Qf3 Bd6 12. Bxf6 Qxf6 13. Qxf6 gxf6 14. Rad1 Be5 15. Na4 Kg7 16. f4 Bd6 17. Nc3 Rb8 18. b3 Bc5+ 19. Kh1 Re8 20. Ne2 Bg4 21. Rfe1 Bf2 22. h3 Bxe1 23. hxg4 Bf2 24. Nc3 Re6 25. Na4 Rbe8 26. g5 fxg5 27. fxg5 Bg3 28. Nc5 Re1+ 29. Rxe1 Rxe1+ 0-1

[Event "CP-2014-P-00064"]
[Site "LSS email"]
[Date "2014.09.30"]
[Round "?"]
[White "Lubas, Jozef"]
[Black "Maikowski, Rainer"]
[Result "0-1"]
[WhiteElo "2167"]
[BlackElo "800"]
[PlyCount "80"]
[EventDate "2014.10.01"]
[EventType "tourn (corr)"]
[EventRounds "6"]
[EventCountry "GER"]
[SourceTitle "Corr 2022"]
[Source "ChessBase"]
[SourceDate "2021.10.24"]
[SourceVersion "1"]
[SourceVersionDate "2021.10.24"]
[SourceQuality "1"]

1. e4 e5 2. Nf3 Nc6 3. Bc4 Nf6 4. Ng5 d5 5. exd5 Na5 6. Bb5+ c6 7. dxc6 bxc6 8. Be2 h6 9. Nf3 e4 10. Ne5 Bc5 11. 0-0 Qd6 12. d4 Qxd4 13. Qxd4 Bxd4 14. Nc4 Nxc4 15. Bxc4 0-0 16. Nc3 Be5 17. Bb3 Re8 18. h3 Be6 19. Re1 c5 20. Kf1 Rad8 21. Nxe4 Nxe4 22. Rxe4 Rd1+ 23. Ke2 Rg1 24. f4 Bf6 25. Kf2 Rh1 26. Bxe6 Rxe6 27. Rxe6 fxe6 28. c3 Kh7 29. g3 g5 30. Kg2 Rd1 31. Rb1 c4 32. Kf3 Kg6 33. Ke4 Re1+ 34. Kf3 gxf4 35. gxf4 Kf5 36. Kf2 Rh1 37. Kg2 Rd1 38. Kf3 Be7 39. Ke2 Rh1 40. b3 Ke4 0-1